Logo BPK

Biblioteka

Politechniki Koszalińskiej

Ein Dichter kam vom Rheim : (Rekord nr 50338)

Szczegóły MARC
000 -ETYKIETA REKORDU
podpole kontrolne o stałej długości 00651nam a2200229 i 4500
001 - NUMER KONTROLNY REKORDU
pole kontrolne bgj
020 ## - MIĘDZYNARODOWY ZNORMALIZOWANY NUMER KSIĄŻKI - ISBN
ISBN 3886800156
040 ## - ŹRÓDŁO KATALOGOWANIA
Instytucja, która utworzyła rekord BPK
041 0# - KOD JĘZYKA
Kod języka tekstu ger
044 ## - KOD KRAJU WYDAWCY/PRODUCENTA
Kod kraju wydawcy/producenta DEU
080 ## - UNIWERSALNA KLASYFIKACJA DZIESIĘTNA - UKD
UKD 929
920 ## - Międzynarodowy znormalizowany numer książki – ISBN
ISBN 3-88680-015-6
008 - POLE O STAŁEJ DŁUGOŚCI - DANE KONTROLNE
podpole kontrolne o stałej długości s gw f |000 0 ger
100 1# - NAZWA OSOBOWA
Nazwa osobowa KOPELEW, Lew.
245 10 - TYTUŁ/ODPOWIEDZIALNOŚĆ
Tytuł Ein Dichter kam vom Rheim :
Ciąg dalszy tytułu Heinrich Heines Leben und Leiden /
Pozostałe elementy strefy tytułu i oznaczenia odpowiedzialności Lew Kopelew ; [aus dem Russichen von Helga Jaspers und Ulrich H. Werner].
260 ## - STREFA ADRESU WYDAWNICZEGO
Miejsce wydania Berlin :
Nazwa wydawcy/dystrybutora Severin und Siedler,
Data publikacji, dystrybucji/powstania dokumentu 1981.
300 ## - STREFA OPISU FIZYCZNEGO
Objętość 509 s. :
Inne cechy fizyczne il. ;
Rozmiary 21 cm.
650 9# - HASŁO PRZEDMIOTOWE W FORMIE NAZWY OGÓLNEJ LUB JEDNOSTKOWEJ
Nazwa ogólna lub geograficzna Biografie
700 1# - HASŁO DODATKOWE - NAZWA OSOBOWA
Nazwa osobowa JASPERS, Helga.
700 1# - HASŁO DODATKOWE - NAZWA OSOBOWA
Nazwa osobowa WERNER, Ulrich H.
856 ## - LOKALIZACJA I DOSTĘP DO ELEKTRONICZNYCH DOKUMENTÓW ZDALNYCH
Link (URL) http://koha.tu.koszalin.pl/cgi-bin/koha/opac-detail.pl?biblionumber=50338
Tekst linku Katalog online BPK
942 ## - DODATKOWE ELEMENTY (KOHA)
Typ dokumentu Książka
Egzemplarze
Wycofany Status egzemplarza Uszkodzony Dostępność Lokalizacja stała Lokalizacja bieżąca Miejsce przechowywania Sygnatura Kod kreskowy Typ dokumentu
      Dostępny Biblioteka Politechniki Koszalińskiej Biblioteka Politechniki Koszalińskiej Wypożyczalnia Językowa N 233 02121505 Książka
© 2023 Biblioteka Politechniki Koszalińskiej :: KOHA